00865nam a2200181 a 450000500170000000800410001704000270005804100080008504400070009324502180010026000500031830000820036850000640045065000590051465000340057365000520060765000240065920180803170335.0161012b2012 ck ad|||r|||| 00| 0 spa d aCO-BoIAVH cCO-BoIAVH 0 aspa ack00aAnálisis y propuestas para la incorporación de criterios de conservación y uso sostenible de la biodiversidad en instrumentos de fomento del sector agropecuario : bcaso Certificado de Incentivo Forestal CIF aBogotá?, Colombia : bGEF : bPNUD,c2012?. a1 plegable (17 páginas) : bilustraciones a color y cuadros ; c23 x 16 cm. aConservación de la biodiversidad en predios productivos. 26aConservación de la diversidad biológicaxcriterios26aBiodiversidadxuso sostenible26aRecursos forestalesxconservaciónxincentivos24aSector agropecuario